Statistiques concernant Intercommunalités du Doubs

Cliquez ici pour prendre le quiz!

Statistiques générales

  • Ce quiz a été pris 35 fois
  • Le résultat moyen est 6 sur 15

Statistiques - réponses

Nombres de CommunesIntercommunalités% Correct
68Communauté Urbaine Grand Besançon Métropole
97%
72Communauté d'Agglomération Pays de Montbéliard Agglomération
94%
10Communauté de Communes du Grand Pontarlier
85%
08Communauté de Communes du Val de Morteau
61%
47Communauté de Communes des Portes du Haut-Doubs
48%
58Communauté de Communes du Doubs Baumois
45%
43Communauté de Communes du pays de Maîche
42%
72Communauté de Communes Loue-Lison
39%
10Communauté de Communes du plateau de Frasne et du val de Drugeon
24%
16Communauté de Communes de Montbenoît
21%
54Communauté de Communes des Deux Vallées Vertes
21%
32Communauté de Communes des Lacs et Montagnes du Haut-Doubs
15%
11Communauté de Communes Altitude 800
12%
27Communauté de Communes du Pays de Sancey-Belleherbe
12%
17Communauté de Communes du Plateau du Russey
3%

Distribution des résultats

Percentile par nombre de réponses

% des personnes avec chaque résultat

Votre développement - résultats

Vous n’avez pas pris ce quiz